Squadre di Serie A - Morte improvvisa - Statistics

Statistiche generali
  • Questo quiz è stato fatto 291 volte
  • Il punteggio medio è 11 su 15
Answers on the Grid
Answers color-coded by a green-red scale on the quiz's grid according to % correct below.
Inter
Fiorentina
Napoli
Genoa
Bari
Brescia
SPAL
Empoli
Como
Ascoli
Sassuolo
Mantova
Catanzaro
Pro Vercelli
Treviso
Arezzo
Brindisi
Casertana
Grosseto
Latina
Carrarese
Prato
Pordenone
Ravenna
Rimini
Siracusa
Torres
Taranto
Trapani
Viterbese
 
Statistiche sulle risposte
Risposta % Corretto
Napoli
89%
Inter
88%
Sassuolo
87%
Genoa
85%
Como
84%
Empoli
84%
Fiorentina
84%
SPAL
81%
Bari
76%
Brescia
76%
Pro Vercelli
66%
Ascoli
58%
Catanzaro
47%
Treviso
38%
Mantova
33%
Nessun quiz corrispondente trovato
Distribuzione punteggi
Percentuale di utenti per punteggio
Percentile per numero di risposta
I tuoi punteggi nel tempo
Non hai fatto questo quiz